000
00335nam a2200133Ia 4500
008
240624s9999 xx 000 0 und d
041
_a
eng
082
_a
658.4 DRA
100
_a
DRANOVE DAVID
245
_a
KELLOGG ON STRATEGY
260
_c
2008
_a
New Delhi
_b
John Wiley and Sons
300
_a
234 : p. : cm. ; 24
365
_c
RS
_b
33.33
999
_c
12180
_d
12180